Vulnerabilidad ante amenazas naturales de la ruta nacional no. 10, tramo Turrialba-Siquirres
Gardado en:
| Autor Principal: | |
|---|---|
| Formato: | Libro |
| Publicado: |
[San José, Costa Rica]
2003
|
| Materias: | |
| Etiquetas: |
Engadir etiqueta
Sen Etiquetas, Sexa o primeiro en etiquetar este rexistro!
|
MARC
| LEADER | 00000nam a2200000Ia 4500 | ||
|---|---|---|---|
| 003 | 009172 | ||
| 005 | 20221231144147.0 | ||
| 008 | 140114s2003 cr a m 000 ||s d | ||
| 040 | |c cru CEDI | ||
| 090 | |a TFG 4713 | ||
| 100 | |a Umaña Rodríguez, Carlos Luis |9 6973 | ||
| 245 | |a Vulnerabilidad ante amenazas naturales de la ruta nacional no. 10, tramo Turrialba-Siquirres | ||
| 260 | |c 2003 |a [San José, Costa Rica] | ||
| 300 | |a 143 hojas : ilustraciones, 12 mapas color | ||
| 500 | |a Proyecto de graduación (licenciatura en ingeniería civil)--Universidad de Costa Rica. Facultad de Ingeniería. Escuela de Ingeniería Civil | ||
| 650 | |x CARRETERA TURRIALBA-SIQUIRRES |x DESASTRES NATURALES |x COSTA RICA |x MEDIDAS DE SEGURIDAD |x ZONAS URBANAS |x CARRETERAS |x CUIDADO Y REPARACION |x INGENIERÍA DE CARRETERAS |9 6974 | ||
| 942 | |c TFG | ||
| 999 | |c 17768 |d 17768 | ||
